Akıl Oyunları (Record no. 641154)
[ view plain ]
| 000 -LEADER | |
|---|---|
| sabit uzunluktaki kontrol alanı | 00231nam a2200097Ia 4500 |
| 001 - KONTROL NUMARASI | |
| kontrol alanı | 641154 |
| 005 - EN SON İŞLEMİN TARİH VE ZAMANI | |
| kontrol alanı | 20250826153501.0 |
| 008 - SABİT-UZUNLUKTA VERİ ÖĞELERİ--GENEL BİLGİ | |
| sabit uzunluktaki kontrol alanı | 250824s9999 xx 000 0 und d |
| 245 #0 - ESER / YAZAR | |
| ESER ADI | Akıl Oyunları |
| Yazar Adı | Daniel Palmer |
| 260 ## - YAYIN, DAĞITIM, VB. | |
| YAYIN EVİ | KORİDOR |
| Düşüm durumu | Kayıp durumu | Hasar Durumu | Ödünç verilmez | Ana kütüphane | Geçerli Kütüphane | Edinilen tarih | Toplam ödünç verme sayısı | Barkod | Son görüntüleme tarihi | Fiyatın geçerli olmaya başladığı tarih | Koha materyal türü | Sınıflandırma Kaynağı veya raf şeması | Son ödünç verme tarihi |
|---|---|---|---|---|---|---|---|---|---|---|---|---|---|
| ABİDİN SANİYE ERÇAL İLKOKULU | ABİDİN SANİYE ERÇAL İLKOKULU | 24.08.2025 | 10011402 | 26.08.2025 | 26.08.2025 | Books | |||||||
| DOLAPOĞLU ANADOLU LİSESİ | DOLAPOĞLU ANADOLU LİSESİ | 12.02.2026 | 1 | 108899810 | 04.03.2026 | 12.02.2026 | Books | Dewey Ondalık Sınıflama | 12.02.2026 |